| 000 | 00632nam a22001937a 4500 | ||
|---|---|---|---|
| 005 | 20251108171936.0 | ||
| 008 | 250721s2000 xx 000 0 ara d | ||
| 082 | 1 | 4 | _a633.956/منظ |
| 245 | 1 | 0 | _aدراسة تحسين إنتاجية محاصيل الحبوب في الوطن العربي / |
| 264 | 1 |
_aالخرطوم : _bالمنظمة، _c2000. |
|
| 300 | _a185ص | ||
| 650 | 1 | 7 | _aالزراعة |
| 650 | 1 | 7 | _aالمحاصيل الحقلية |
| 650 | 1 | 7 | _aالحبوب |
| 650 | 1 | 7 | _aالوطن العربي |
| 710 | 2 | _aالمنظمة العربية للتنمية الزراعية | |
| 942 |
_2ddc _cBK |
||
| 999 |
_c66494 _d66494 |
||